[Event "ch-RUS Blitz 2017"]
[Site "Sochi RUS"]
[Date "2017.10.02"]
[Round "5.3"]
[White "Sjugirov, Sanan"]
[Black "Demidov, Mikhail"]
[Result "0-1"]
[WhiteTitle "GM"]
[BlackTitle "IM"]
[WhiteElo "2650"]
[BlackElo "2521"]
[WhiteFideId "4189302"]
[BlackFideId "4197143"]
[EventDate "2017.10.02"]
[EventType "blitz"]

1. d4 d5 2. c4 c6 3. Nf3 Nf6 4. e3 Bf5 5. Nc3 e6 6. Nh4 Be4 7. f3 Bg6 8. Qb3 Qb6
9. Qxb6 axb6 10. Nxg6 hxg6 11. Bd2 Bd6 12. h3 Nbd7 13. Kf2 O-O 14. Bd3 dxc4 15.
Bxc4 e5 16. dxe5 Bxe5 17. Rhd1 b5 18. Bb3 Nc5 19. Rab1 Rfd8 20. Bc2 b4 21. Ne2
Rxa2 22. Bxb4 Rxd1 23. Rxd1 Rxb2 24. Rd8+ Kh7 25. Bxg6+ fxg6 26. Bxc5 Nd5 27.
Ke1 b6 28. Bd4 Bxd4 29. exd4 b5 30. g4 g5 31. Ng3 b4 32. Ne4 b3 33. Rd6 Kg8 34.
Nxg5 Kf8 35. Rxc6 Rh2 36. Rc8+ Ke7 37. Rb8 b2 38. Rb7+ Kd8 39. Ne6+ Kc8 40. Rb3
Kd7 41. Nxg7 b1=Q+ 42. Rxb1 Rh1+ 43. Kf2 Rxb1 44. h4 Ke7 45. Nf5+ Kf6 46. Nd6
Nf4 47. Ne4+ Kg7 48. h5 Rb2+ 49. Kg3 Ne2+ 50. Kh4 Nxd4 51. Kg3 Rb3 52. Ng5 Kf6
53. Ne4+ Kg7 54. Ng5 Ra3 55. Kf4 Ra6 56. Ke4 Ne6 57. Nxe6+ Rxe6+ 58. Kf4 Rf6+
59. Kg3 Kh6 60. f4 Rf8 61. Kf3 Re8 62. Kg3 Re4 63. Kf3 Ra4 64. Kg3 Kg7 65. g5
Rb4 66. h6+ Kg6 67. Kg4 Ra4 68. Kg3 Ra1 69. Kg2 Kf5 70. Kf2 Ra3 71. Kg2 Rb3 72.
Kf2 Rc3 73. Kg2 Rc7 74. Kg3 Rd7 75. Kg2 Rd4 76. Kg3 Ra4 77. Kg2 Rxf4 78. h7 Rh4 0-1

[Event "ch-RUS Blitz 2017"]
[Site "Sochi RUS"]
[Date "2017.10.02"]
[Round "5.4"]
[White "Korotylev, Alexey"]
[Black "Tsydypov, Zhamsaran"]
[Result "0-1"]
[WhiteTitle "GM"]
[BlackTitle "IM"]
[WhiteElo "2573"]
[BlackElo "2529"]
[WhiteFideId "4119142"]
[BlackFideId "4108566"]
[EventDate "2017.10.02"]
[EventType "blitz"]

1. Nf3 g6 2. d4 Bg7 3. e4 d6 4. Nc3 Nf6 5. Be3 a6 6. Qd2 b5 7. Bd3 Bb7 8. Bh6
O-O 9. Bxg7 Kxg7 10. e5 Nfd7 11. Be4 Bxe4 12. Nxe4 dxe5 13. dxe5 Nb6 14. O-O-O
Qxd2+ 15. Rxd2 Nc6 16. b3 a5 17. Kb2 a4 18. Rhd1 Ra7 19. Kb1 axb3 20. cxb3 Nb4
21. Nc3 c6 22. Nd4 Rfa8 23. Rc1 e6 24. f4 N6d5 25. Nxd5 cxd5 26. Nxb5 Rxa2 27.
Rxa2 Rxa2 28. Rc7 Rxg2 29. Nd6 d4 30. Rxf7+ Kh6 31. Rd7 Nd5 32. Ne4 d3 33. Nf6
Nc3+ 0-1

[Event "ch-RUS Blitz 2017"]
[Site "Sochi RUS"]
[Date "2017.10.02"]
[Round "5.5"]
[White "Kezin, Roman"]
[Black "Savchenko, Boris"]
[Result "1-0"]
[WhiteTitle "FM"]
[BlackTitle "GM"]
[WhiteElo "2455"]
[BlackElo "2581"]
[WhiteFideId "24124621"]
[BlackFideId "4147332"]
[EventDate "2017.10.02"]
[EventType "blitz"]

1. d4 Nf6 2. c4 e6 3. g3 c5 4. d5 exd5 5. cxd5 d6 6. Nc3 g6 7. Nf3 Bg7 8. Bg2
O-O 9. O-O Re8 10. Nd2 b6 11. Nc4 Ba6 12. Qb3 Ng4 13. a4 Ne5 14. Nxe5 Bxe5 15.
Re1 Bc8 16. e4 Na6 17. f4 Bg7 18. Bd2 Nb4 19. Nb5 a6 20. Na3 f5 21. e5 dxe5 22.
fxe5 Bxe5 23. Bc3 Bxc3 24. bxc3 Rxe1+ 25. Rxe1 Nd3 26. d6+ Kh8 27. Re7 c4 28.
Qxc4 Qxd6 29. Re8+ Kg7 30. Rg8+ Kf6 31. Bxa8 Be6 32. Qh4+ Ke5 33. Re8 f4 34.
Qg5# 1-0

[Event "ch-RUS Blitz 2017"]
[Site "Sochi RUS"]
[Date "2017.10.02"]
[Round "5.6"]
[White "Zvjaginsev, Vadim"]
[Black "Potkin, Vladimir"]
[Result "0-1"]
[WhiteTitle "GM"]
[BlackTitle "GM"]
[WhiteElo "2643"]
[BlackElo "2574"]
[WhiteFideId "4113403"]
[BlackFideId "4131061"]
[EventDate "2017.10.02"]
[EventType "blitz"]

1. e4 c5 2. Nf3 d6 3. Bd3 Nc6 4. O-O Nf6 5. Re1 g6 6. Bb5 Bd7 7. c3 Bg7 8. d4
O-O 9. dxc5 dxc5 10. h3 a6 11. Bf1 Qc7 12. Qc2 Rad8 13. Be3 Ne5 14. Nbd2 Nxf3+
15. Nxf3 Bc6 16. Nd2 Nd7 17. a4 Rc8 18. Nb3 Qe5 19. Nd2 Rfd8 20. Rad1 Nf6 21. f3
Nh5 22. Nc4 Qc7 23. a5 Nf4 24. Rxd8+ Rxd8 25. Rd1 Rxd1 26. Qxd1 Ne6 27. Qd2 h5
28. Nb6 Bf6 29. Nd5 Bxd5 30. exd5 Nf8 31. b4 cxb4 32. cxb4 Nd7 33. Bf2 Qc3 34.
Qxc3 Bxc3 35. Bc5 Nxc5 36. bxc5 Bxa5 37. g4 h4 38. c6 bxc6 39. dxc6 Bb6+ 40. Kg2
a5 41. Bb5 g5 42. Kf1 Kg7 43. Ke2 Kf6 44. f4 gxf4 45. Kf3 Ke5 46. Ba4 f6 47. Bb5
Bc7 0-1

[Event "ch-RUS Blitz 2017"]
[Site "Sochi RUS"]
[Date "2017.10.02"]
[Round "5.7"]
[White "Oganian, Miran"]
[Black "Grachev, Boris"]
[Result "0-1"]
[WhiteTitle "IM"]
[BlackTitle "GM"]
[WhiteElo "2454"]
[BlackElo "2654"]
[WhiteFideId "4122488"]
[BlackFideId "4129199"]
[EventDate "2017.10.02"]
[EventType "blitz"]

1. d4 d5 2. c4 e6 3. Nf3 Nf6 4. g3 dxc4 5. Qa4+ Nbd7 6. Bg2 a6 7. Qxc4 b5 8. Qc6
Rb8 9. Bf4 Nd5 10. Bg5 Be7 11. Bxe7 Nxe7 12. Qc2 Bb7 13. Nbd2 Rc8 14. Nb3 Bd5
15. Nc5 Nxc5 16. Qxc5 Qd6 17. O-O Qxc5 18. dxc5 f6 19. Nd4 Bxg2 20. Kxg2 Kf7 21.
e4 Rhd8 22. Rfd1 e5 23. Nb3 Nc6 24. Kf3 Ke6 25. a3 a5 26. Ke3 a4 27. Nd2 Rd7 28.
Nf3 Rcd8 29. Rxd7 Rxd7 30. Rc1 Na5 31. Nd2 Rxd2 32. Kxd2 Nb3+ 33. Kc2 Nxc1 34.
Kxc1 Kd7 35. b4 axb3 36. Kb2 Kc6 37. Kxb3 Kxc5 38. Kc3 Kb6 39. f3 c5 40. h4 Ka5
41. Kb3 c4+ 42. Kb2 b4 43. axb4+ Kxb4 44. g4 g5 45. hxg5 fxg5 0-1

[Event "ch-RUS Blitz 2017"]
[Site "Sochi RUS"]
[Date "2017.10.02"]
[Round "5.8"]
[White "Timofeev, Artyom"]
[Black "Palchun, Grigory"]
[Result "1/2-1/2"]
[WhiteTitle "GM"]
[WhiteElo "2549"]
[BlackElo "2441"]
[WhiteFideId "4140419"]
[BlackFideId "24147338"]
[EventDate "2017.10.02"]
[EventType "blitz"]

1. c4 e5 2. d3 Nc6 3. Nc3 g6 4. g3 Bg7 5. Bg2 d6 6. e3 f5 7. Nge2 Nf6 8. Rb1 O-O
9. O-O Be6 10. Nd5 Rb8 11. Nec3 Ne7 12. b4 c6 13. Nxf6+ Bxf6 14. b5 d5 15. bxc6
bxc6 16. Qa4 e4 17. cxd5 cxd5 18. Rxb8 Qxb8 19. Ba3 Bxc3 20. Bxe7 Rf7 21. Bc5
exd3 22. Bd4 Bxd4 23. Qxd4 Qb5 24. Rc1 Rb7 25. Qe5 Kf7 26. Qh8 d2 27. Qxh7+ Kf6
28. Qh8+ Kf7 29. Qh7+ Kf6 30. Qh8+ Kf7 31. Qh7+ Kf6 32. Qh8+ 1/2-1/2

[Event "ch-RUS Blitz 2017"]
[Site "Sochi RUS"]
[Date "2017.10.02"]
[Round "5.9"]
[White "Moskalenko, Alexander"]
[Black "Pridorozhni, Aleksei"]
[Result "1-0"]
[WhiteTitle "IM"]
[BlackTitle "GM"]
[WhiteElo "2531"]
[BlackElo "2565"]
[WhiteFideId "4155351"]
[BlackFideId "4127870"]
[EventDate "2017.10.02"]
[EventType "blitz"]

1. c4 e6 2. g3 d5 3. Bg2 Nf6 4. Nf3 c6 5. Qc2 dxc4 6. Qxc4 b5 7. Qc2 Bb7 8. O-O
c5 9. a4 b4 10. b3 Be7 11. Bb2 Nbd7 12. d3 O-O 13. Nbd2 Rc8 14. Nc4 Nb6 15. Rad1
Nxc4 16. dxc4 Qb6 17. Ng5 g6 18. Bxb7 Qxb7 19. Bxf6 Bxf6 20. Ne4 Be7 21. Nd6
Bxd6 22. Rxd6 Rfd8 23. Rfd1 Qe7 24. Qd3 Rxd6 25. Qxd6 Qxd6 26. Rxd6 Rc7 27. Rd8+
Kg7 28. f4 Kf6 29. Kf2 Ke7 30. Ra8 f5 31. e3 Kf6 32. Ke2 e5 33. Rd8 exf4 34.
gxf4 Ke6 35. Rd5 Rc8 36. h4 Rc6 37. Kf3 Rd6 38. Rxc5 Rd3 39. Ra5 Rxb3 40. Rxa7
Ra3 41. Rxh7 Rxa4 42. Rb7 Kd6 43. Rb5 Kc6 44. h5 gxh5 45. Rxf5 Ra7 46. Rxh5 b3
47. Rh1 Kc5 48. f5 Kxc4 49. Kf4 b2 50. Rb1 Rb7 51. f6 Kd5 52. Kf5 Kd6 53. e4 Kd7
54. e5 Ke8 55. e6 Rb3 56. Ke5 Re3+ 57. Kd5 Rd3+ 58. Ke4 Rb3 59. Kd4 Rb6 60. Kd5
Rb3 61. Rh1 Kd8 62. e7+ Kd7 63. Rh8 Rb5+ 64. Kc4 Rb4+ 65. Kc5 Rb5+ 66. Kc4 Re5
67. Rd8+ Kc6 68. Rb8 Re4+ 69. Kc3 Kd7 70. Kxb2 Re6 71. Rd8+ 1-0

[Event "ch-RUS Blitz 2017"]
[Site "Sochi RUS"]
[Date "2017.10.02"]
[Round "5.10"]
[White "Bocharov, Dmitry"]
[Black "Rozum, Ivan"]
[Result "1/2-1/2"]
[WhiteTitle "GM"]
[BlackTitle "GM"]
[WhiteElo "2585"]
[BlackElo "2590"]
[WhiteFideId "4138716"]
[BlackFideId "24104272"]
[EventDate "2017.10.02"]
[EventType "blitz"]

1. d4 Nf6 2. c4 e6 3. Nf3 b6 4. a3 Ba6 5. Qc2 Bb7 6. Nc3 c5 7. e4 cxd4 8. Nxd4
Bc5 9. Nb3 Nc6 10. Bg5 h6 11. Bh4 Nd4 12. Nxd4 Bxd4 13. Bd3 Be5 14. Bg3 d6 15.
O-O-O O-O 16. Bxe5 dxe5 17. Kb1 Qe7 18. f3 Rfd8 19. Qf2 Nd7 20. Rd2 Nc5 21. Bc2
Rxd2 22. Qxd2 Rd8 23. Qe2 Bc6 24. Rd1 Rd4 25. b4 Nb7 26. Kb2 a5 27. Kb3 Nd6 28.
Rxd4 exd4 29. e5 dxc3 30. exd6 Qxd6 31. Qd3 Qxd3 32. Bxd3 axb4 33. axb4 Kf8 34.
Kxc3 Ke7 35. Kd4 Kd6 36. c5+ bxc5+ 37. bxc5+ Ke7 38. Be4 Bb5 39. f4 f6 40. g3
Kd7 41. Kc3 Kc7 42. Kd4 Ba4 43. Bd3 Bc6 44. Bc4 Kd7 45. Bb3 Bf3 46. Bc2 Bg4 47.
Be4 Bh3 48. Kc4 Kc7 49. Kb4 Bg4 50. Kc3 Bh3 51. Kd4 Bg4 52. h4 Bh3 53. Bf3 Bf1
54. g4 Bb5 55. g5 Ba4 56. Be4 Bb3 57. Bd3 Bd1 58. Bc4 Kd7 59. Bb5+ Kc7 60. Be8
Be2 61. gxh6 gxh6 62. Ba4 Bf3 63. Bb3 Kd7 64. Bc4 Bd1 65. Bd3 Bf3 66. Bb5+ Kc7
67. Bc4 Bg4 68. Bb5 1/2-1/2

[Event "ch-RUS Blitz 2017"]
[Site "Sochi RUS"]
[Date "2017.10.02"]
[Round "5.11"]
[White "Yuffa, Daniil"]
[Black "Alekseev, Evgeny"]
[Result "1/2-1/2"]
[WhiteTitle "GM"]
[BlackTitle "GM"]
[WhiteElo "2527"]
[BlackElo "2622"]
[WhiteFideId "24131423"]
[BlackFideId "4138147"]
[EventDate "2017.10.02"]
[EventType "blitz"]

1. Nf3 c5 2. g3 Nc6 3. Bg2 g6 4. O-O Bg7 5. d3 d6 6. e4 e5 7. a4 Nge7 8. Na3 O-O
9. c3 h6 10. Nc4 Be6 11. Re1 Qd7 12. Nfd2 f5 13. exf5 gxf5 14. f4 exf4 15. gxf4
d5 16. Ne5 Nxe5 17. fxe5 Nc6 18. Nf3 f4 19. d4 cxd4 20. cxd4 Rae8 21. Ra3 Bg4
22. Qd2 Re6 23. Qf2 Rg6 24. Kh1 Qe6 25. Nh4 Rg5 26. Bf3 Bh3 27. Rg1 Ne7 28. Bg2
Bg4 29. Bf3 Bh3 30. Bg2 Bg4 31. Bf3 Bh3 1/2-1/2

[Event "ch-RUS Blitz 2017"]
[Site "Sochi RUS"]
[Date "2017.10.02"]
[Round "5.12"]
[White "Moiseenko, Vadim"]
[Black "Jakovenko, Dmitry"]
[Result "0-1"]
[WhiteTitle "IM"]
[BlackTitle "GM"]
[WhiteElo "2558"]
[BlackElo "2710"]
[WhiteFideId "4123700"]
[BlackFideId "4122356"]
[EventDate "2017.10.02"]
[EventType "blitz"]

1. e4 c5 2. f4 d5 3. exd5 Qxd5 4. Nc3 Qe6+ 5. Be2 Nc6 6. Nf3 g6 7. O-O Bg7 8. b3
Nf6 9. Ba3 b6 10. d4 Qe3+ 11. Kh1 Qxc3 12. d5 Nd4 13. Nxd4 Qxd4 14. Bb5+ Bd7 15.
Qe2 Qxd5 16. Rad1 Qb7 17. Bb2 Bxb5 18. Qxb5+ Kf8 19. f5 Ng4 20. Rd7 Qe4 21. Bc1
Bd4 22. Qc4 gxf5 23. h3 Nf2+ 24. Rxf2 Bxf2 25. Bh6+ Ke8 0-1

[Event "ch-RUS Blitz 2017"]
[Site "Sochi RUS"]
[Date "2017.10.02"]
[Round "5.13"]
[White "Sharafiev, Azat"]
[Black "Dubov, Daniil"]
[Result "1/2-1/2"]
[WhiteTitle "IM"]
[BlackTitle "GM"]
[WhiteElo "2433"]
[BlackElo "2666"]
[WhiteFideId "4186214"]
[BlackFideId "24126055"]
[EventDate "2017.10.02"]
[EventType "blitz"]

1. Nf3 c5 2. g3 g6 3. Bg2 Bg7 4. O-O Nc6 5. d3 d6 6. e4 Nf6 7. Nh4 e5 8. c4 Nd4
9. Nc3 O-O 10. f4 exf4 11. Bxf4 Ng4 12. Nf3 Nxf3+ 13. Bxf3 Bd4+ 14. Kg2 Ne3+ 15.
Bxe3 Bxe3 16. Bg4 Bd4 17. Bxc8 Rxc8 18. Qd2 Bxc3 19. bxc3 Qe7 20. Qf4 f6 21. h4
Rce8 22. h5 f5 23. hxg6 hxg6 24. Rae1 fxe4 25. Qg4 Qg7 26. Rxf8+ Rxf8 27. Qe6+
Qf7 28. Rxe4 Kg7 29. Qxf7+ Rxf7 30. Re6 Rd7 31. d4 cxd4 32. cxd4 Rc7 33. Rxd6
Rxc4 34. Rd7+ Kf6 35. Rxb7 Rc2+ 36. Kf3 Rxa2 37. Ke4 a5 38. Ra7 a4 39. Ra6+ Kg5
40. d5 a3 41. d6 Kf6 42. Kd5 Rd2+ 43. Kc6 a2 44. Kc7 Ke6 45. d7+ Ke7 46. Rxa2
Rxd7+ 47. Kc6 Rd3 48. Rf2 Ke6 49. Kc5 Ke5 50. g4 Rc3+ 51. Kb4 Rg3 52. Kc4 Ke4
53. Rf6 Rxg4 54. Kc3 Ke3 55. Re6+ Kf2 56. Kd3 Rg3+ 57. Ke4 Re3+ 58. Kd5 g5 59.
Rg6 Rg3 60. Ke4 g4 1/2-1/2

[Event "ch-RUS Blitz 2017"]
[Site "Sochi RUS"]
[Date "2017.10.02"]
[Round "5.14"]
[White "Gochelashvili, David"]
[Black "Khismatullin, Denis"]
[Result "0-1"]
[WhiteTitle "IM"]
[BlackTitle "GM"]
[WhiteElo "2432"]
[BlackElo "2628"]
[WhiteFideId "4161203"]
[BlackFideId "4142578"]
[EventDate "2017.10.02"]
[EventType "blitz"]

1. Nf3 d5 2. d4 Nf6 3. Bf4 c5 4. e3 Nc6 5. c3 Nh5 6. dxc5 Nxf4 7. exf4 e6 8. b4
Qc7 9. g3 a5 10. Bb5 Bd7 11. Qb3 b6 12. Bxc6 Qxc6 13. Ne5 Qc7 14. cxb6 Qxb6 15.
Nxd7 Kxd7 16. a3 axb4 17. Ra2 Qa6 18. cxb4 Bxb4+ 19. Nc3 Ba5 20. a4 Rhb8 21. Qa3 0-1

[Event "ch-RUS Blitz 2017"]
[Site "Sochi RUS"]
[Date "2017.10.02"]
[Round "5.15"]
[White "Tekeyev, Zaur"]
[Black "Fedoseev, Vladimir3"]
[Result "0-1"]
[WhiteTitle "FM"]
[BlackTitle "GM"]
[WhiteElo "2380"]
[BlackElo "2731"]
[WhiteFideId "4199731"]
[BlackFideId "24130737"]
[EventDate "2017.10.02"]
[EventType "blitz"]

1. e4 b6 2. d4 Bb7 3. Bd3 e6 4. Nf3 Nf6 5. Qe2 d5 6. e5 Nfd7 7. Ng5 g6 8. h4 Qe7
9. h5 Bg7 10. h6 Bf8 11. c3 c5 12. f4 Nc6 13. dxc5 Nxc5 14. Be3 d4 15. cxd4
Nxd3+ 16. Qxd3 Nb4 17. Qd2 f6 18. exf6 Qxf6 19. Nc3 Qf5 20. Rd1 Nc2+ 21. Kf2 Bd6
22. Qd3 Nxe3 23. Qxe3 Kd7 24. d5 exd5 25. g3 Bc5 26. Rd4 Rae8 27. Qd2 Kc8 28. b4
Bxd4+ 29. Qxd4 Qc2+ 30. Kf3 Kb8 31. Rd1 Qxc3+ 0-1

[Event "ch-RUS Blitz 2017"]
[Site "Sochi RUS"]
[Date "2017.10.02"]
[Round "5.16"]
[White "Derjabin, Ilja"]
[Black "Morozevich, Alexander"]
[Result "0-1"]
[WhiteTitle "IM"]
[BlackTitle "GM"]
[WhiteElo "2360"]
[BlackElo "2676"]
[WhiteFideId "14104768"]
[BlackFideId "4116992"]
[EventDate "2017.10.02"]
[EventType "blitz"]

1. d4 d5 2. c4 e5 3. e3 exd4 4. exd4 Nf6 5. c5 b6 6. cxb6 axb6 7. Bd3 Bd6 8. Ne2
O-O 9. O-O c5 10. Nbc3 Nc6 11. Nb5 Bb8 12. Bf4 Ba6 13. Bxb8 Qxb8 14. Nbc3 Rd8
15. Bxa6 Rxa6 16. Rc1 c4 17. Ng3 b5 18. a3 g6 19. Re1 b4 20. axb4 Nxb4 21. Ra1
Rxa1 22. Qxa1 Nc2 23. Qd1 0-1

[Event "ch-RUS Blitz 2017"]
[Site "Sochi RUS"]
[Date "2017.10.02"]
[Round "5.17"]
[White "Tsoi, Dmitry"]
[Black "Popov, Ivan RUS"]
[Result "1/2-1/2"]
[WhiteTitle "FM"]
[BlackTitle "GM"]
[WhiteElo "2361"]
[BlackElo "2599"]
[WhiteFideId "24194697"]
[BlackFideId "4170350"]
[EventDate "2017.10.02"]
[EventType "blitz"]

1. e4 c5 2. Nf3 a6 3. c4 Nc6 4. d4 cxd4 5. Nxd4 e5 6. Nc2 Bc5 7. Be2 d6 8. Nc3
Nge7 9. O-O O-O 10. Rb1 f5 11. b4 Ba7 12. Bf3 Be6 13. Nd5 Nd4 14. Nxd4 Bxd4 15.
Be3 Bxd5 16. cxd5 Bxe3 17. fxe3 Qb6 18. Qd3 f4 19. Kh1 fxe3 20. Rfe1 Ng6 21.
Qxe3 Qxe3 22. Rxe3 Rac8 23. g3 Rc2 24. Re2 Rfc8 25. Rb2 Rxb2 26. Rxb2 Rc4 27. b5
a5 28. b6 Kf8 29. Kg2 Ke7 30. Rb5 Ra4 31. Rb2 Rb4 32. Rxb4 axb4 33. Bh5 Nf8 34.
Bg4 Kd8 35. Kf3 Ng6 36. Bf5 Ne7 37. Bxh7 Nc8 38. Bf5 Nxb6 39. h4 Na4 40. Ke3 Nc3
41. Kd3 Nxa2 42. Kc4 Ke7 43. g4 Nc3 44. Kxb4 Ne2 45. Kb5 Ng1 46. Kb6 Nf3 47. h5
Ng5 48. Kxb7 Nf3 49. Kc7 Ng5 50. Kc6 Nf7 51. Kb5 Ng5 52. Kc4 Kf6 53. Kb5 Ke7 54.
Kb6 Nf7 55. Kc7 Ng5 56. Bg6 Nf3 1/2-1/2

[Event "ch-RUS Blitz 2017"]
[Site "Sochi RUS"]
[Date "2017.10.02"]
[Round "5.18"]
[White "Alekseenko, Kirill"]
[Black "Gubsky, Egor"]
[Result "1-0"]
[WhiteTitle "GM"]
[BlackTitle "FM"]
[WhiteElo "2563"]
[BlackElo "2303"]
[WhiteFideId "4135539"]
[BlackFideId "4194055"]
[EventDate "2017.10.02"]
[EventType "blitz"]

1. d4 Nf6 2. Nc3 d5 3. Bf4 a6 4. e3 e6 5. g4 h6 6. h4 Bd6 7. Qf3 c5 8. g5 hxg5
9. hxg5 Rxh1 10. Qxh1 Bxf4 11. exf4 Ng8 12. dxc5 Qc7 13. Qh8 Kf8 14. Bd3 g6 15.
Nge2 Qxc5 16. O-O-O Nc6 17. Rh1 Bd7 18. Rh7 Ke7 19. Bxg6 Kd6 20. Bxf7 Qxf2 21.
Rh1 Qe3+ 22. Kb1 Nce7 23. Rh3 Qf2 24. Qe5+ Kc6 25. Rd3 b5 26. Bxe6 Bxe6 27.
Qxe6+ Kc7 28. a3 b4 29. axb4 a5 30. Nb5+ Kd8 31. Qd6+ Ke8 32. Nc7+ Kf7 33. Nxa8
Qxe2 34. g6+ Kf8 35. Nc7 Qf1+ 36. Ka2 Kg7 37. Qe5+ Kxg6 38. Rg3+ Kf7 39. Qg7# 1-0

[Event "ch-RUS Blitz 2017"]
[Site "Sochi RUS"]
[Date "2017.10.02"]
[Round "5.19"]
[White "Levin, Evgeny A."]
[Black "Gogolev, Artem"]
[Result "0-1"]
[WhiteTitle "GM"]
[WhiteElo "2532"]
[BlackElo "2408"]
[WhiteFideId "4182596"]
[BlackFideId "4116615"]
[EventDate "2017.10.02"]
[EventType "blitz"]

1. d4 Nf6 2. Nf3 e6 3. c4 d5 4. Nc3 Bb4 5. e3 O-O 6. Bd3 c5 7. cxd5 Nxd5 8. O-O
Nxc3 9. bxc3 Bxc3 10. Rb1 Nc6 11. dxc5 Bf6 12. Qc2 h6 13. Rd1 Qc7 14. Be4 Bd7
15. Bb2 Bxb2 16. Qxb2 Rab8 17. Qc3 Rfd8 18. Rd6 Ne7 19. Ne5 Bc6 20. Bxc6 Nxc6
21. Nxc6 bxc6 22. Rbd1 Rxd6 23. cxd6 Qxd6 24. Rc1 c5 25. g3 Rc8 26. h4 c4 27.
Qa5 Qc5 28. Qxc5 Rxc5 29. Kg2 g5 30. hxg5 hxg5 31. Kf3 Kg7 32. Ke4 Ra5 33. Rc2
Kf6 34. Kd4 Ra4 35. Kc5 a6 36. Kd4 Kf5 37. f3 g4 38. e4+ Kf6 39. fxg4 Kg5 40.
Rf2 Kg6 41. g5 c3+ 42. Ke5 Rc4 43. Rc2 Kxg5 44. Kd6 Kg4 45. e5 Kxg3 46. Ke7 Kf4
47. Kf6 Ke4 0-1

[Event "ch-RUS Blitz 2017"]
[Site "Sochi RUS"]
[Date "2017.10.02"]
[Round "5.20"]
[White "Novikov, Maxim"]
[Black "Savitskiy, Sergey"]
[Result "0-1"]
[WhiteTitle "GM"]
[BlackTitle "IM"]
[WhiteElo "2501"]
[BlackElo "2412"]
[WhiteFideId "4161289"]
[BlackFideId "24105660"]
[EventDate "2017.10.02"]
[EventType "blitz"]

1. e4 c5 2. Nf3 Nc6 3. Bb5 d6 4. O-O Bd7 5. c3 a6 6. Ba4 Nf6 7. Re1 b5 8. Bc2
Bg4 9. h3 Bxf3 10. Qxf3 g6 11. a4 Rb8 12. axb5 axb5 13. d3 Bg7 14. Bg5 O-O 15.
Nd2 h6 16. Bf4 Nd7 17. Bb3 b4 18. Bd5 Nce5 19. Qe2 e6 20. Ba2 bxc3 21. bxc3 Rb2
22. d4 cxd4 23. cxd4 Nc6 24. Bxd6 Nxd4 25. Qd1 Re8 26. Nc4 Rb7 27. e5 Nf5 28.
Rb1 Rxb1 29. Bxb1 Nxd6 30. Nxd6 Rf8 31. f4 Nb6 32. Be4 g5 33. Qh5 gxf4 34. Rf1
Qg5 35. Qf3 Bxe5 36. Nb7 Nd7 37. Kh1 Nf6 38. Bb1 Nh5 39. Qd3 0-1

[Event "ch-RUS Blitz 2017"]
[Site "Sochi RUS"]
[Date "2017.10.02"]
[Round "5.21"]
[White "Belyakov, Bogdan"]
[Black "Nechaev, Oleg"]
[Result "1/2-1/2"]
[WhiteTitle "IM"]
[BlackTitle "FM"]
[WhiteElo "2486"]
[BlackElo "2410"]
[WhiteFideId "24104795"]
[BlackFideId "24113409"]
[EventDate "2017.10.02"]
[EventType "blitz"]

1. e4 c5 2. c3 Nc6 3. d4 cxd4 4. cxd4 d5 5. exd5 Qxd5 6. Nf3 e5 7. Nc3 Bb4 8.
dxe5 Qxd1+ 9. Kxd1 Bg4 10. Be2 Nge7 11. h3 O-O-O+ 12. Ke1 Bxf3 13. Bxf3 Nxe5 14.
Be2 Nd3+ 15. Bxd3 Rxd3 16. Ke2 Rhd8 17. Be3 Bxc3 18. bxc3 Rxc3 19. Rhc1 Rxc1 20.
Rxc1+ Nc6 21. Bxa7 Rd5 22. Bc5 Kd7 23. Ke3 Re5+ 24. Kd3 Rd5+ 25. Ke3 Re5+ 26.
Kd3 Rd5+ 27. Ke3 Re5+ 28. Kd3 Rd5+ 29. Ke4 1/2-1/2

[Event "ch-RUS Blitz 2017"]
[Site "Sochi RUS"]
[Date "2017.10.02"]
[Round "5.22"]
[White "Kozak, Alexander"]
[Black "Murzin, Volodar"]
[Result "0-1"]
[WhiteTitle "FM"]
[BlackTitle "FM"]
[WhiteElo "2315"]
[BlackElo "2280"]
[WhiteFideId "4135881"]
[BlackFideId "44155573"]
[EventDate "2017.10.02"]
[EventType "blitz"]

1. e4 c5 2. c3 d6 3. d4 Nf6 4. Bd3 cxd4 5. cxd4 Nc6 6. d5 Nb8 7. Nc3 g6 8. Be3
Bg7 9. h3 O-O 10. Nf3 Nbd7 11. O-O Nc5 12. Bc2 b6 13. Rc1 Bb7 14. b4 Ncd7 15.
Nd4 Rc8 16. Ba4 Ne5 17. f4 Nc4 18. Bf2 Nb2 19. Qe2 Nxa4 20. Nxa4 Qd7 21. b5 e6
22. dxe6 fxe6 23. Nc3 e5 24. fxe5 dxe5 25. Nf3 Qe7 26. Bh4 h6 27. Nd5 Bxd5 28.
exd5 Rxc1 29. Rxc1 Qa3 30. Qc4 Kh7 31. Nxe5 Qe3+ 32. Bf2 Qxe5 33. Rd1 Rd8 34.
Bg3 Qxg3 35. Qc6 Qd6 36. Re1 Nxd5 37. Re6 Qxc6 38. bxc6 Rc8 39. Kf2 Nb4 40. Re7
Nxc6 41. Rd7 a5 42. a3 b5 43. Rb7 b4 44. a4 Nd4 45. Ke3 b3 46. Ke4 g5 47. g4
Re8+ 48. Kd5 Re2 49. Kc4 b2 50. Kd3 Rh2 51. Kc4 Nc6 52. Rb3 Rh1 0-1

[Event "ch-RUS Blitz 2017"]
[Site "Sochi RUS"]
[Date "2017.10.02"]
[Round "5.23"]
[White "Nazaretyan, Tigran"]
[Black "Tomashevsky, Evgeny"]
[Result "0-1"]
[BlackTitle "GM"]
[WhiteElo "2303"]
[BlackElo "2710"]
[WhiteFideId "24162345"]
[BlackFideId "4147235"]
[EventDate "2017.10.02"]
[EventType "blitz"]

1. d4 Nf6 2. c4 e6 3. Nc3 Bb4 4. e3 c5 5. Bd3 Nc6 6. Nf3 Bxc3+ 7. bxc3 d6 8. O-O
e5 9. Ng5 h6 10. Ne4 Qe7 11. Nxf6+ Qxf6 12. dxc5 dxc5 13. Ba3 b6 14. Be4 O-O 15.
Qf3 Qxf3 16. Bxf3 Bb7 17. Rfd1 Rad8 18. Bxc6 Bxc6 19. f3 e4 20. Kf2 f6 21. Ke2
Kf7 22. f4 h5 23. Rxd8 Rxd8 24. Rd1 Rc8 25. Bc1 Ke7 26. Bd2 Bd7 27. h3 Be6 28.
a3 Bxc4+ 29. Ke1 h4 30. Bc1 Bd3 31. Kf2 Ke6 32. Bd2 Kd5 33. Be1 Kc4 34. Kg1 Rh8
35. Kh2 Kb3 36. g3 hxg3+ 37. Kxg3 a5 38. h4 Kxa3 39. f5 Kb3 40. Kf4 a4 41. c4 a3
42. Bd2 Rxh4+ 43. Kg3 Rh5 44. Rg1 Rg5+ 0-1

[Event "ch-RUS Blitz 2017"]
[Site "Sochi RUS"]
[Date "2017.10.02"]
[Round "5.24"]
[White "Domogaev, Sergey"]
[Black "Inarkiev, Ernesto"]
[Result "0-1"]
[WhiteTitle "GM"]
[BlackTitle "GM"]
[WhiteElo "2408"]
[BlackElo "2694"]
[WhiteFideId "24103608"]
[BlackFideId "4162722"]
[EventDate "2017.10.02"]
[EventType "blitz"]

1. d4 Nf6 2. c4 e6 3. Nf3 d5 4. Nc3 Bb4 5. Qa4+ Nc6 6. Bg5 h6 7. Bxf6 Qxf6 8. e3
O-O 9. Be2 dxc4 10. Bxc4 a6 11. O-O Bd7 12. Qc2 Rae8 13. Ne4 Qe7 14. a3 Bd6 15.
b4 e5 16. Nxd6 cxd6 17. d5 Nd8 18. e4 f5 19. Bd3 f4 20. Nd2 g5 21. Qc7 g4 22. a4
h5 23. Nc4 Nf7 24. Nb6 Rd8 25. b5 a5 26. Qxb7 Ng5 27. g3 h4 28. Rac1 Qh7 29.
gxf4 Nh3+ 30. Kh1 Nxf4 31. Rc7 Nxd3 32. Nxd7 Qxe4+ 33. Kg1 h3 34. f3 Rxf3 35.
Rxf3 Qxf3 36. Nf6+ Qxf6 0-1